| 000 | 01027nam a22002177a 4500 | ||
|---|---|---|---|
| 008 | 241203t2024 xxk|||||o|||| 00| 0 eng d | ||
| 041 | _aeng | ||
| 110 | _aRoyal Institution of Chartered Surveyors | ||
| 245 |
_aReasonable adjustments policy _b(members) _h[Electronic resource] |
||
| 260 |
_aLondon, _bRoyal Institution of Chartered Surveyors, _cSeptember 2024 |
||
| 490 | _aRICS Regulation | ||
| 520 | _aThis policy sets out RICS’ approach to making sure that the services, products and support it offers are available to all, regardless of disability or need, through the application of reasonable adjustments and special considerations where necessary | ||
| 650 | _aDIVERSITY | ||
| 650 | _aDISABILITY | ||
| 650 | _aINCLUSIVITY | ||
| 650 | _aEQUALITY ACT 2010 | ||
| 651 | _aInternational | ||
| 710 | _aRoyal Institution of Chartered Surveyors | ||
| 856 |
_uhttps://www.rics.org/content/dam/ricsglobal/documents/to-be-sorted/Reasonable-adjustments-policy-members.pdf _zAvailable free on RICS.org |
||
| 942 | _n0 | ||
| 999 |
_c122067 _d122067 |
||